00350nam a2200145Ia 4500003000400000005001700004008004100021040000700062041000800069082001900077100002300096245002700119260004500146365001300191OSt20230516104334.0210423s1990 xx 000 0 und d cAL aeng a301 223bCOLT aCOLLINS (Randall). aTheoretical sociology. aNew DelhibOxford University Pressc1990 b750cINR